Statistics for Most Popular 3 and 4-letter Baby Girl Names by Decade (UK)

Click here to take the quiz!

General Stats

  • This quiz has been taken 10,588 times
  • The average score is 148 of 212

Answer Stats

Hint Answer % Correct
1974Anne
94%
1974Ann
94%
1984Jane
87%
2014Ella
85%
1984Mary
85%
2014Ava
85%
2014Emma
84%
1984Sara
84%
2014Mia
83%
2004Amy
83%
2014Rose
81%
2014Lily
80%
2004Kate
79%
2014Eva
79%
2004Eve
78%
1954Joan
77%
1934May
76%
2004Zoe
76%
1994Lisa
75%
1954June
75%
2014Anna
74%
2014Lucy
73%
1954Jean
72%
2014Isla
70%
1994Beth
69%
2014Leah
68%
1984Ruth
68%
1924Nora
68%
1974Tina
67%
2014Ivy
67%
2004Lara
66%
2014Ruby
66%
1944Vera
65%
2014Evie
62%
2014Zara
60%
1924Ada
60%
1944Iris
60%
1974Tara
60%
2004Jade
59%
1914Dora
59%
2014Erin
59%
2014Lola
58%
2014Maya
58%
1964Jill
57%
1934Edna
55%
1954Rita
54%
1964Kay
53%
1904Ida
51%
1964Lynn
50%
1984Kim
50%
2004Tia
50%
1954Joy
48%
1984Dawn
45%
1964Gail
44%
1984Katy
42%
1934Enid
38%
1994Toni
38%
2014Esme
37%
2014Lexi
35%
1914Maud
34%
1994Sian
33%
1994Demi
26%

Score Distribution

Percentile by Number Answered

Percent of People with Each Score

Your Score History

You have not taken this quiz